Welcome to the Holygrace Academy Library

Please use search bar below to get started

STUDENTS HINDI-MALAYALAM DICTIONARY (Record no. 1755)

MARC details
000 -LEADER
fixed length control field 00307nam a22001337a 4500
020 ## - INTERNATIONAL STANDARD BOOK NUMBER
ISBN 978-93-82116-67-7
082 ## - DEWEY DECIMAL CLASSIFICATION NUMBER
Classification number 030
Item number JOS/S
100 ## - MAIN ENTRY--AUTHOR NAME
Personal name JOSE, K.D
245 ## - TITLE STATEMENT
Title STUDENTS HINDI-MALAYALAM DICTIONARY
260 ## - PUBLICATION, DISTRIBUTION, ETC. (IMPRINT)
Place of publication TRICHUR
Name of publisher H & C PUBLISHERS
300 ## - PHYSICAL DESCRIPTION
Number of Pages 128
650 ## - SUBJECT ADDED ENTRY--TOPICAL TERM
Topical Term DICTIONARY
Geographic subdivision INDIA
942 ## - ADDED ENTRY ELEMENTS (KOHA)
Koha item type Books
Holdings
Withdrawn status Lost status Collection code Home library Current library Shelving location Date acquired Source of acquisition Cost, normal purchase price Full call number Accession Number Koha item type
    Reference Main Library Main Library SHELF 1-A DICTIONARIES 05/10/2015 purchase 20.00 030 JOS/S 09571 Books